Southville International School and Colleges
Your cart is empty.
  • Cart
  • Lists
    Public lists Eva Luna New books Lux_list list_1
    Your lists Log in to create your own lists
  • Log in to your account
  • Your cookies
  • Search history
Southville International School and Colleges
  • Advanced search
  • Recent comments
  • Most popular
  • Libraries

Log in to your account

Log in with GOOGLE


If you do not have an external account, but do have a local account, you can still log in:

  1. Home
  2. MARC view: Project P2one: an enhanced one single online banking facility
Normal view MARC view ISBD view

Project P2one: an enhanced one single online banking facility (Record no. 367024)

[ view plain ]
MARC details
000 -LEADER
fixed length control field 00801nam a22002057a 4500
003 - CONTROL NUMBER IDENTIFIER
control field 0
005 - DATE AND TIME OF LATEST TRANSACTION
control field 20250120125130.0
008 - FIXED-LENGTH DATA ELEMENTS--GENERAL INFORMATION
fixed length control field 250120b xxu||||| |||| 00| 0 eng d
050 ## - LIBRARY OF CONGRESS CALL NUMBER
Classification number HG 1709
Item number .J42 2024
100 ## - MAIN ENTRY--PERSONAL NAME
Personal name Jayme, Sigfredo N.
245 ## - TITLE STATEMENT
Title Project P2one: an enhanced one single online banking facility
Statement of responsibility, etc Sigfredo N. Jayme
260 ## - PUBLICATION, DISTRIBUTION, ETC. (IMPRINT)
Place of publication, distribution, etc Las Pinas City
Name of publisher, distributor, etc Southville International School and Colleges
Date of publication, distribution, etc c2024
300 ## - PHYSICAL DESCRIPTION
Extent xii, 98 pages :
Other physical details illustrations ;
Dimensions 29cm.
504 ## - BIBLIOGRAPHY, ETC. NOTE
Bibliography, etc Includes bibliographical references and appendices.
650 ## - SUBJECT ADDED ENTRY--TOPICAL TERM
Topical term or geographic name as entry element Electronic banking—Security measures.
650 ## - SUBJECT ADDED ENTRY--TOPICAL TERM
Topical term or geographic name as entry element Online financial services—Technological innovations.
650 ## - SUBJECT ADDED ENTRY--TOPICAL TERM
Topical term or geographic name as entry element Mobile banking—Usability and adoption.
650 ## - SUBJECT ADDED ENTRY--TOPICAL TERM
Topical term or geographic name as entry element Financial technology (FinTech)—Applications
942 ## - ADDED ENTRY ELEMENTS (KOHA)
Source of classification or shelving scheme Library of Congress Classification
Koha item type Theses
Holdings
Withdrawn status Lost status Source of classification or shelving scheme Damaged status Home library Current library Shelving location Date acquired Source of acquisition Total Checkouts Full call number Barcode Date last seen Price effective from Koha item type
    Library of Congress Classification   College Library College Library Theses Section 01/20/2025 Donation   HG 1709 .J42 2024 T1252 01/20/2025 01/20/2025 Theses

Project P2one: an enhanced one single online banking facility

APA

Jayme S. N., . (2024). Project P2one: an enhanced one single online banking facility. Las Pinas City: Southville International School and Colleges.

Chicago

Jayme Sigfredo N, . 2024. Project P2one: an enhanced one single online banking facility. Las Pinas City: Southville International School and Colleges.

Harvard

Jayme S. N., . (2024). Project P2one: an enhanced one single online banking facility. Las Pinas City: Southville International School and Colleges.

MLA

Jayme Sigfredo N, . Project P2one: an enhanced one single online banking facility. Las Pinas City: Southville International School and Colleges. 2024.

  • Print
  • Cite
  • Add to your cart (remove)
  • Save record
    BIBTEX Dublin Core MARCXML MARC (non-Unicode/MARC-8) MARC (Unicode/UTF-8) MARC (Unicode/UTF-8, Standard) MODS (XML) RIS
  • More searches
    Search for this title in:
    Other Libraries (WorldCat) Other Databases (Google Scholar) Online Stores (Bookfinder.com) Open Library (openlibrary.org)

Exporting to Dublin Core...

SOUTHVILLE LIBRARY

Southville International School and Colleges Library

1281 Tropical Ave. Cor. Luxembourg St., BF Homes International, Las Pinas City

Tel. No. 8256374 / 252358 Loc. 117/146

Powered by Koha